Score 0/10 Timer 04:00
0 Plays Today
Order Species Name % Correct
Carnivora (meow)Sumatran Tiger
86.9%
Carnivora(meow)South China Tiger
86.8%
Primates (king kong)Cross River Gorilla
82.8%
Carnivora(meow)Amur Leopard
61.6%
Anura(ribbit)Frogs & Other Amphibians
56.4%
Cetacean (..See Sea World Logo)Vaquita
44%
Perissodactyla (I have some horny cousins)Javan Rhinoceros
36.4%
Carnivora (meow)Iberian Lynx
27.1%
Primates(Atypical Primate)Silky Sifaka
20.5%
Artiodactyla (I have antlers)Saiga Antelope
18.4%

You're not logged in!

Compare scores with friends on all Sporcle quizzes.
OR
Log In

Sporcle TV

Today on Sporcle TV


Watch our educational content, quiz creation guides, and fun videos on Sporcle TV.

Show Comments

Extras

Top Quizzes Today


Score Distribution

Paid Content

Your Account Isn't Verified!

In order to create a playlist on Sporcle, you need to verify the email address you used during registration. Go to your Sporcle Settings to finish the process.

Report this User

Report this user for behavior that violates our Community Guidelines.

Details: